[Event "EYCC 2024 - G18"]
[Site "?"]
[Date "2024.08.24"]
[Round "3.1"]
[White "Chuchukova, Stefani"]
[Black "Alexandri, Dimitra"]
[Result "0-1"]
[BlackElo "2008"]
[WhiteElo "1858"]
[LiveChessVersion "1.4.8"]

1. d4 {[%clk 1:30:57]} Nf6 {[%clk 1:30:51]} 2. Bg5 {[%clk 1:31:21]} e6
{[%clk 1:31:13]} 3. e4 {[%clk 1:31:48]} h6 {[%clk 1:31:37]} 4. Bxf6
{[%clk 1:32:14]} Qxf6 {[%clk 1:31:55]} 5. c3 {[%clk 1:32:32]} d5 {[%clk 1:32:03]}
6. Nd2 {[%clk 1:31:36]} c5 {[%clk 1:29:32]} 7. e5 {[%clk 1:26:14]} Qd8
{[%clk 1:29:40]} 8. Ngf3 {[%clk 1:22:15]} Qb6 {[%clk 1:28:01]} 9. Rb1
{[%clk 1:16:16]} Bd7 {[%clk 1:23:53]} 10. Qb3 {[%clk 1:12:32]} Nc6
{[%clk 1:16:43]} 11. Be2 {[%clk 0:56:34]} cxd4 {[%clk 1:09:53]} 12. cxd4
{[%clk 0:53:09]} Nxd4 {[%clk 0:48:16]} 13. Nxd4 {[%clk 0:53:08]} Qxd4
{[%clk 0:48:34]} 14. Qxb7 {[%clk 0:51:56]} Rc8 {[%clk 0:48:08]} 15. O-O
{[%clk 0:12:53]} Qxd2 {[%clk 0:26:18]} 16. Bb5 {[%clk 0:13:04]} Rd8
{[%clk 0:25:17]} 17. Bxd7+ {[%clk 0:13:24]} Rxd7 {[%clk 0:25:37]} 18. Qc8+
{[%clk 0:13:38]} Ke7 {[%clk 0:24:51]} 19. Rfc1 {[%clk 0:12:35]} Qa5
{[%clk 0:23:16]} 20. b4 {[%clk 0:10:27]} Qb6 {[%clk 0:19:49]} 21. Rc6
{[%clk 0:07:32]} Qb7 {[%clk 0:19:37]} 22. a4 {[%clk 0:06:16]} g6 {[%clk 0:19:21]}
23. b5 {[%clk 0:04:34]} Bg7 {[%clk 0:19:34]} 24. Qxb7 {[%clk 0:04:53]} Rxb7
{[%clk 0:19:58]} 25. f4 {[%clk 0:05:11]} g5 {[%clk 0:19:03]} 26. g3
{[%clk 0:05:34]} Rd8 {[%clk 0:18:19]} 27. Kf2 {[%clk 0:05:47]} f6
{[%clk 0:18:07]} 28. Re1 {[%clk 0:05:14]} fxe5 {[%clk 0:18:16]} 29. fxe5
{[%clk 0:05:37]} Rf8+ {[%clk 0:17:59]} 30. Kg2 {[%clk 0:05:15]} Rf5
{[%clk 0:18:08]} 31. Rb1 {[%clk 0:04:14]} Bxe5 {[%clk 0:17:17]} 32. a5
{[%clk 0:04:07]} Bd4 {[%clk 0:17:00]} 33. Rb3 {[%clk 0:03:28]} Rf2+
{[%clk 0:16:35]} 34. Kh3 {[%clk 0:03:49]} Rb2 {[%clk 0:16:16]} 35. Rxb2
{[%clk 0:03:39]} Bxb2 {[%clk 0:16:38]} 36. b6 {[%clk 0:04:00]} axb6
{[%clk 0:16:35]} 37. a6 {[%clk 0:04:29]} Ra7 {[%clk 0:16:57]} 38. Rxb6
{[%clk 0:04:54]} Bd4 {[%clk 0:17:21]} 39. Rb4 {[%clk 0:04:06]} e5
{[%clk 0:17:42]} 40. Rb5 {[%clk 0:03:45]} Kd6 {[%clk 0:17:53]} 41. Kg4
{[%clk 0:03:47]} Rxa6 {[%clk 0:18:06]} 42. Kh5 {[%clk 0:03:55]} Kc6
{[%clk 0:18:29]} 43. Rb1 {[%clk 0:04:14]} Kc5 {[%clk 0:18:50]} 44. Rc1+
{[%clk 0:04:31]} Kb4 {[%clk 0:19:14]} 45. g4 {[%clk 0:03:39]} e4 {[%clk 0:19:34]}
46. Rd1 {[%clk 0:03:46]} Kc4 {[%clk 0:19:42]} 47. h4 {[%clk 0:03:30]} gxh4
{[%clk 0:19:53]} 0-1

[Event "EYCC 2024 - G18"]
[Site "?"]
[Date "2024.08.24"]
[Round "3.2"]
[White "Bondar, Daria"]
[Black "Kapolkova, Greta"]
[Result "0-1"]
[BlackElo "1889"]
[WhiteElo "1962"]
[LiveChessVersion "1.4.8"]

1. e4 {[%clk 1:30:59]} c5 {[%clk 1:30:54]} 2. Nf3 {[%clk 1:31:23]} d6
{[%clk 1:31:20]} 3. Bb5+ {[%clk 1:31:38]} Bd7 {[%clk 1:31:44]} 4. Bxd7+
{[%clk 1:32:02]} Qxd7 {[%clk 1:32:12]} 5. c4 {[%clk 1:32:25]} Nf6
{[%clk 1:32:31]} 6. Nc3 {[%clk 1:32:47]} Nc6 {[%clk 1:31:49]} 7. d4
{[%clk 1:32:37]} cxd4 {[%clk 1:32:13]} 8. Nxd4 {[%clk 1:33:04]} e6
{[%clk 1:31:20]} 9. O-O {[%clk 1:32:17]} Be7 {[%clk 1:30:56]} 10. Be3
{[%clk 1:30:45]} O-O {[%clk 1:31:08]} 11. h3 {[%clk 1:28:38]} Rfd8
{[%clk 1:18:43]} 12. f4 {[%clk 1:23:46]} d5 {[%clk 1:08:35]} 13. cxd5
{[%clk 1:17:33]} exd5 {[%clk 1:08:18]} 14. e5 {[%clk 1:15:25]} Ne4
{[%clk 1:08:39]} 15. Qg4 {[%clk 1:05:47]} Qxg4 {[%clk 1:01:18]} 16. hxg4
{[%clk 1:05:26]} Bc5 {[%clk 0:59:26]} 17. Rad1 {[%clk 0:47:06]} g5
{[%clk 0:53:01]} 18. Nf5 {[%clk 0:37:20]} Bxe3+ {[%clk 0:53:11]} 19. Nxe3
{[%clk 0:37:48]} Ng3 {[%clk 0:47:29]} 20. Rf3 {[%clk 0:35:34]} d4
{[%clk 0:47:00]} 21. Ncd5 {[%clk 0:24:27]} Ne4 {[%clk 0:34:02]} 22. b4
{[%clk 0:18:39]} Kf8 {[%clk 0:17:08]} 23. b5 {[%clk 0:02:59]} dxe3
{[%clk 0:17:01]} 24. bxc6 {[%clk 0:03:11]} e2 {[%clk 0:17:17]} 25. Rc1
{[%clk 0:03:29]} Rxd5 {[%clk 0:17:17]} 26. cxb7 {[%clk 0:03:55]} Rd1+
{[%clk 0:17:02]} 27. Kh2 {[%clk 0:04:18]} Re8 {[%clk 0:17:05]} 28. Rc8
{[%clk 0:04:12]} e1=Q {[%clk 0:09:17]} 29. Rxe8+ {[%clk 0:04:36]} Kg7
{[%clk 0:09:41]} 30. Rg8+ {[%clk 0:05:00]} Kxg8 {[%clk 0:10:08]} 31. b8=Q+
{[%clk 0:05:24]} Kg7 {[%clk 0:10:34]} 0-1

[Event "EYCC 2024 - G18"]
[Site "?"]
[Date "2024.08.24"]
[Round "3.3"]
[White "Manko, Mariia"]
[Black "Mosurovic, Milena"]
[Result "1-0"]
[BlackElo "1731"]
[WhiteElo "2159"]
[LiveChessVersion "1.4.8"]

1. d4 {[%clk 1:30:58]} d5 {[%clk 1:30:55]} 2. c4 {[%clk 1:31:23]} e6
{[%clk 1:31:21]} 3. Nf3 {[%clk 1:31:31]} Nf6 {[%clk 1:31:44]} 4. g3
{[%clk 1:31:55]} Be7 {[%clk 1:32:09]} 5. Bg2 {[%clk 1:32:19]} O-O
{[%clk 1:32:32]} 6. O-O {[%clk 1:32:45]} dxc4 {[%clk 1:32:48]} 7. Qc2
{[%clk 1:32:58]} a6 {[%clk 1:33:05]} 8. a4 {[%clk 1:33:17]} Bd7 {[%clk 1:33:15]}
9. Rd1 {[%clk 1:33:42]} c5 {[%clk 1:11:02]} 10. Ne5 {[%clk 1:11:07]} Qc8
{[%clk 1:02:36]} 11. Qxc4 {[%clk 1:06:25]} cxd4 {[%clk 0:59:02]} 12. Qxc8
{[%clk 1:01:50]} Bxc8 {[%clk 0:58:12]} 13. Rxd4 {[%clk 0:59:47]} Rd8
{[%clk 0:51:24]} 14. Rxd8+ {[%clk 0:54:54]} Bxd8 {[%clk 0:51:47]} 15. Na3
{[%clk 0:54:37]} Bc7 {[%clk 0:47:30]} 16. Bf4 {[%clk 0:51:28]} g5
{[%clk 0:37:17]} 17. Rc1 {[%clk 0:45:41]} gxf4 {[%clk 0:22:13]} 18. Rxc7
{[%clk 0:45:44]} Nbd7 {[%clk 0:16:52]} 19. Nxd7 {[%clk 0:41:59]} Bxd7
{[%clk 0:15:52]} 20. Bxb7 {[%clk 0:36:42]} Ra7 {[%clk 0:13:03]} 21. a5
{[%clk 0:20:01]} fxg3 {[%clk 0:11:36]} 22. hxg3 {[%clk 0:15:02]} Kg7
{[%clk 0:11:12]} 23. Nc4 {[%clk 0:14:33]} Be8 {[%clk 0:06:00]} 24. Nd6
{[%clk 0:11:55]} Kf8 {[%clk 0:03:18]} 25. e4 {[%clk 0:11:11]} e5 {[%clk 0:02:17]}
26. f4 {[%clk 0:09:03]} exf4 {[%clk 0:01:29]} 27. gxf4 {[%clk 0:09:18]} h5
{[%clk 0:00:58]} 28. e5 {[%clk 0:09:34]} Nd5 {[%clk 0:01:05]} 29. Rc8
{[%clk 0:09:55]} 1-0

[Event "EYCC 2024 - G18"]
[Site "?"]
[Date "2024.08.24"]
[Round "3.4"]
[White "Zito, Enrica"]
[Black "Jovanovic, Anja"]
[Result "1/2-1/2"]
[BlackElo "1870"]
[WhiteElo "2108"]
[LiveChessVersion "1.4.8"]

1. e4 {[%clk 1:30:58]} c5 {[%clk 1:30:27]} 2. Nf3 {[%clk 1:31:21]} e6
{[%clk 1:30:51]} 3. c3 {[%clk 1:31:47]} d5 {[%clk 1:31:17]} 4. exd5
{[%clk 1:32:13]} exd5 {[%clk 1:31:02]} 5. d4 {[%clk 1:32:36]} Nc6
{[%clk 1:31:26]} 6. Bb5 {[%clk 1:32:58]} Bd6 {[%clk 1:31:46]} 7. O-O
{[%clk 1:32:55]} Nge7 {[%clk 1:31:53]} 8. dxc5 {[%clk 1:32:27]} Bxc5
{[%clk 1:32:16]} 9. Re1 {[%clk 1:32:39]} O-O {[%clk 1:31:28]} 10. Be3
{[%clk 1:23:44]} Bd6 {[%clk 1:26:39]} 11. Nbd2 {[%clk 1:10:12]} Nf5
{[%clk 1:17:05]} 12. Nf1 {[%clk 1:06:51]} Re8 {[%clk 1:07:30]} 13. Qc2
{[%clk 0:59:04]} Be6 {[%clk 1:01:01]} 14. Rad1 {[%clk 0:55:01]} Nh4
{[%clk 0:52:38]} 15. Nd4 {[%clk 0:37:18]} Bd7 {[%clk 0:49:38]} 16. Bd3
{[%clk 0:36:19]} Ng6 {[%clk 0:48:04]} 17. Bf5 {[%clk 0:25:59]} Re5
{[%clk 0:31:10]} 18. Ng3 {[%clk 0:23:04]} Qe7 {[%clk 0:26:56]} 19. Nf3
{[%clk 0:22:59]} Rd8 {[%clk 0:16:23]} 20. Nxe5 {[%clk 0:22:08]} Ncxe5
{[%clk 0:16:35]} 21. Bd4 {[%clk 0:18:04]} Qh4 {[%clk 0:15:27]} 22. Bxe5
{[%clk 0:17:10]} Nxe5 {[%clk 0:15:20]} 23. Bxd7 {[%clk 0:11:55]} Nxd7
{[%clk 0:12:24]} 24. Rxd5 {[%clk 0:10:02]} Nf6 {[%clk 0:12:23]} 25. Rd4
{[%clk 0:10:20]} Qh6 {[%clk 0:12:06]} 26. Rxd6 {[%clk 0:09:53]} Rxd6
{[%clk 0:12:26]} 27. Nf5 {[%clk 0:10:16]} Qd2 {[%clk 0:12:28]} 28. Qxd2
{[%clk 0:09:02]} Rxd2 {[%clk 0:12:51]} 29. Rb1 {[%clk 0:08:30]} Ne4
{[%clk 0:11:44]} 30. f3 {[%clk 0:07:57]} Nc5 {[%clk 0:11:47]} 31. Ne3
{[%clk 0:01:10]} Re2 {[%clk 0:09:05]} 32. Nc4 {[%clk 0:00:53]} b5
{[%clk 0:06:52]} 33. Rd1 {[%clk 0:00:50]} Ne6 {[%clk 0:06:28]} 34. Rd2
{[%clk 0:01:06]} Rxd2 {[%clk 0:04:15]} 35. Nxd2 {[%clk 0:01:32]} Nf4
{[%clk 0:04:38]} 36. g3 {[%clk 0:01:45]} Nd3 {[%clk 0:05:03]} 37. b3
{[%clk 0:02:03]} Nc1 {[%clk 0:05:13]} 38. Kf2 {[%clk 0:01:24]} Nxa2
{[%clk 0:05:34]} 39. c4 {[%clk 0:00:50]} bxc4 {[%clk 0:05:57]} 40. bxc4
{[%clk 0:01:14]} Kf8 {[%clk 0:06:16]} 41. Ke3 {[%clk 0:01:41]} Ke7
{[%clk 0:05:32]} 42. Kd4 {[%clk 0:01:58]} Kd6 {[%clk 0:05:34]} 43. c5+
{[%clk 0:01:41]} Kc6 {[%clk 0:05:51]} 44. Nc4 {[%clk 0:01:36]} f6
{[%clk 0:06:02]} 45. Na5+ {[%clk 0:01:46]} Kb5 {[%clk 0:06:02]} 46. Nb7
{[%clk 0:01:37]} Nb4 {[%clk 0:05:27]} 47. Nd6+ {[%clk 0:01:41]} Kc6
{[%clk 0:05:39]} 48. Ne8 {[%clk 0:01:39]} Na6 {[%clk 0:05:48]} 49. Nxg7
{[%clk 0:01:54]} Nxc5 {[%clk 0:06:13]} 50. Nh5 {[%clk 0:01:40]} Nd7
{[%clk 0:05:57]} 51. f4 {[%clk 0:01:01]} Kb5 {[%clk 0:05:42]} 52. Kc3
{[%clk 0:01:21]} Kc5 {[%clk 0:05:34]} 53. g4 {[%clk 0:01:22]} Kd5
{[%clk 0:05:45]} 54. h4 {[%clk 0:00:37]} Ke4 {[%clk 0:04:54]} 55. Kb4
{[%clk 0:00:59]} Kf3 {[%clk 0:03:33]} 56. g5 {[%clk 0:01:20]} fxg5
{[%clk 0:03:39]} 57. fxg5 {[%clk 0:00:55]} Nf8 {[%clk 0:02:29]} 58. Nf6
{[%clk 0:01:14]} Kf4 {[%clk 0:02:39]} 59. Ka5 {[%clk 0:01:17]} Kf5
{[%clk 0:02:54]} 60. Ka6 {[%clk 0:01:28]} Ng6 {[%clk 0:02:54]} 1/2-1/2

[Event "EYCC 2024 - G18"]
[Site "?"]
[Date "2024.08.24"]
[Round "3.5"]
[White "Lindstad, Livia"]
[Black "Kochavi, Dana"]
[Result "1-0"]
[BlackElo "2083"]
[WhiteElo "1886"]
[LiveChessVersion "1.4.8"]

1. e4 {[%clk 1:30:56]} c6 {[%clk 1:30:53]} 2. d4 {[%clk 1:31:03]} d5
{[%clk 1:31:19]} 3. exd5 {[%clk 1:31:26]} cxd5 {[%clk 1:31:44]} 4. Bd3
{[%clk 1:31:35]} Nc6 {[%clk 1:32:10]} 5. c3 {[%clk 1:31:20]} Qc7 {[%clk 1:32:36]}
6. h3 {[%clk 1:31:26]} g6 {[%clk 1:32:32]} 7. Nf3 {[%clk 1:31:43]} Nf6
{[%clk 1:32:56]} 8. O-O {[%clk 1:31:34]} Bg7 {[%clk 1:33:22]} 9. Re1
{[%clk 1:29:34]} Bf5 {[%clk 1:29:42]} 10. Bb5 {[%clk 1:25:37]} O-O
{[%clk 1:28:54]} 11. Nbd2 {[%clk 1:24:27]} Rfe8 {[%clk 1:18:04]} 12. Ne5
{[%clk 1:19:22]} Nd7 {[%clk 1:13:09]} 13. Nxd7 {[%clk 1:16:55]} Bxd7
{[%clk 1:10:40]} 14. Nf3 {[%clk 1:15:30]} Rad8 {[%clk 1:07:09]} 15. Re2
{[%clk 1:09:59]} a6 {[%clk 0:47:07]} 16. Ba4 {[%clk 1:04:08]} b5 {[%clk 0:47:17]}
17. Bb3 {[%clk 1:04:30]} Bc8 {[%clk 0:43:43]} 18. Bg5 {[%clk 1:01:08]} Na5
{[%clk 0:36:55]} 19. Qd2 {[%clk 0:57:46]} Nc4 {[%clk 0:34:24]} 20. Bxc4
{[%clk 0:57:16]} bxc4 {[%clk 0:34:41]} 21. Rae1 {[%clk 0:53:51]} f6
{[%clk 0:34:50]} 22. Bf4 {[%clk 0:54:05]} Qb7 {[%clk 0:35:05]} 23. g4
{[%clk 0:48:43]} g5 {[%clk 0:31:27]} 24. Bg3 {[%clk 0:47:41]} h5 {[%clk 0:25:08]}
25. gxh5 {[%clk 0:47:34]} g4 {[%clk 0:25:20]} 26. Nh4 {[%clk 0:42:13]} gxh3
{[%clk 0:25:22]} 27. h6 {[%clk 0:41:11]} Bf8 {[%clk 0:23:50]} 28. Ng6
{[%clk 0:38:09]} Bf5 {[%clk 0:22:33]} 29. h7+ {[%clk 0:36:29]} Kxh7
{[%clk 0:18:18]} 30. Nxf8+ {[%clk 0:35:35]} Rxf8 {[%clk 0:18:26]} 31. Rxe7+
{[%clk 0:35:34]} Rf7 {[%clk 0:18:55]} 32. Rxb7 {[%clk 0:35:31]} Rxb7
{[%clk 0:19:21]} 33. Qf4 {[%clk 0:32:21]} Kg6 {[%clk 0:19:46]} 34. Re3
{[%clk 0:27:22]} Be4 {[%clk 0:15:17]} 35. Rxe4 {[%clk 0:27:33]} 1-0

[Event "EYCC 2024 - G18"]
[Site "?"]
[Date "2024.08.24"]
[Round "3.6"]
[White "Suarez Gomez, Paula"]
[Black "Tadic, Ana"]
[Result "1-0"]
[BlackElo "1858"]
[WhiteElo "2080"]
[LiveChessVersion "1.4.8"]

1. e4 {[%clk 1:30:58]} e5 {[%clk 1:30:52]} 2. Nf3 {[%clk 1:31:19]} Nf6
{[%clk 1:31:13]} 3. Nc3 {[%clk 1:27:00]} Bb4 {[%clk 1:31:29]} 4. Bc4
{[%clk 1:17:57]} O-O {[%clk 1:30:40]} 5. d3 {[%clk 1:18:11]} d5 {[%clk 1:27:32]}
6. exd5 {[%clk 1:17:34]} Nxd5 {[%clk 1:25:41]} 7. Bd2 {[%clk 1:17:05]} Nxc3
{[%clk 1:22:08]} 8. bxc3 {[%clk 1:16:31]} Bd6 {[%clk 1:21:02]} 9. Ng5
{[%clk 1:12:03]} h6 {[%clk 1:11:26]} 10. Ne4 {[%clk 1:11:24]} Qe7
{[%clk 1:04:31]} 11. O-O {[%clk 0:50:41]} Be6 {[%clk 1:02:07]} 12. Bb3
{[%clk 0:51:06]} f5 {[%clk 1:00:24]} 13. Nxd6 {[%clk 0:51:30]} cxd6
{[%clk 0:59:49]} 14. Re1 {[%clk 0:41:55]} f4 {[%clk 0:48:35]} 15. Qf3
{[%clk 0:35:45]} Bxb3 {[%clk 0:43:28]} 16. cxb3 {[%clk 0:35:06]} Qf7
{[%clk 0:41:47]} 17. b4 {[%clk 0:26:40]} a6 {[%clk 0:35:49]} 18. a4
{[%clk 0:27:03]} Nc6 {[%clk 0:30:44]} 19. Rab1 {[%clk 0:19:48]} h5
{[%clk 0:20:19]} 20. b5 {[%clk 0:16:59]} axb5 {[%clk 0:20:15]} 21. axb5
{[%clk 0:17:22]} Na5 {[%clk 0:16:45]} 22. c4 {[%clk 0:17:17]} g5 {[%clk 0:13:49]}
23. h3 {[%clk 0:17:17]} b6 {[%clk 0:11:24]} 24. Bb4 {[%clk 0:16:46]} Rfd8
{[%clk 0:09:59]} 25. Bxd6 {[%clk 0:16:13]} Qg6 {[%clk 0:04:57]} 26. Bxe5
{[%clk 0:16:05]} Ra7 {[%clk 0:05:17]} 27. Re4 {[%clk 0:07:37]} Rad7
{[%clk 0:02:36]} 28. Rd1 {[%clk 0:08:00]} Rf7 {[%clk 0:01:56]} 29. Qe2
{[%clk 0:04:47]} Rdf8 {[%clk 0:01:58]} 30. f3 {[%clk 0:04:39]} g4
{[%clk 0:01:48]} 31. h4 {[%clk 0:03:17]} Kh7 {[%clk 0:00:49]} 32. Bc3
{[%clk 0:01:47]} gxf3 {[%clk 0:00:49]} 33. Qxf3 {[%clk 0:02:11]} Nb7
{[%clk 0:00:43]} 34. Re5 {[%clk 0:02:18]} 1-0

[Event "EYCC 2024 - G18"]
[Site "?"]
[Date "2024.08.24"]
[Round "3.7"]
[White "Shuqja, Klean"]
[Black "Skakun, Kateryna"]
[Result "0-1"]
[BlackElo "1854"]
[WhiteElo "2042"]
[LiveChessVersion "1.4.8"]

1. e4 {[%clk 1:30:59]} c5 {[%clk 1:30:47]} 2. Nf3 {[%clk 1:31:27]} d6
{[%clk 1:31:05]} 3. Bb5+ {[%clk 1:31:55]} Nd7 {[%clk 1:31:26]} 4. O-O
{[%clk 1:32:20]} a6 {[%clk 1:31:49]} 5. Bd3 {[%clk 1:32:49]} Ngf6
{[%clk 1:32:08]} 6. c3 {[%clk 1:33:18]} e6 {[%clk 1:32:25]} 7. Bc2
{[%clk 1:31:29]} b5 {[%clk 1:32:20]} 8. d4 {[%clk 1:28:02]} cxd4 {[%clk 1:32:09]}
9. cxd4 {[%clk 1:28:20]} Be7 {[%clk 1:32:22]} 10. Nc3 {[%clk 1:22:44]} Bb7
{[%clk 1:31:37]} 11. a3 {[%clk 1:20:20]} O-O {[%clk 1:31:28]} 12. Re1
{[%clk 1:19:20]} Rc8 {[%clk 1:31:07]} 13. h3 {[%clk 1:17:53]} Nb6
{[%clk 1:30:47]} 14. Bd3 {[%clk 1:05:35]} Nc4 {[%clk 1:27:32]} 15. Nb1
{[%clk 0:59:11]} d5 {[%clk 1:23:46]} 16. e5 {[%clk 0:56:49]} Ne4 {[%clk 1:21:38]}
17. b3 {[%clk 0:54:23]} Na5 {[%clk 1:17:09]} 18. Nfd2 {[%clk 0:44:52]} Bg5
{[%clk 1:11:08]} 19. Bxe4 {[%clk 0:33:08]} dxe4 {[%clk 1:10:02]} 20. Bb2
{[%clk 0:32:43]} Qd5 {[%clk 0:54:27]} 21. Qg4 {[%clk 0:24:56]} Bxd2
{[%clk 0:39:00]} 22. Nxd2 {[%clk 0:24:56]} f5 {[%clk 0:31:50]} 23. exf6
{[%clk 0:17:51]} Rxf6 {[%clk 0:32:09]} 24. Nxe4 {[%clk 0:17:18]} Rg6
{[%clk 0:32:16]} 25. Qf4 {[%clk 0:12:59]} Qxb3 {[%clk 0:26:48]} 26. Bc3
{[%clk 0:00:37]} Bxe4 {[%clk 0:20:45]} 27. Qxe4 {[%clk 0:00:35]} Rxc3
{[%clk 0:20:20]} 28. Qa8+ {[%clk 0:00:46]} Kf7 {[%clk 0:20:47]} 29. Qa7+
{[%clk 0:00:42]} Ke8 {[%clk 0:17:06]} 30. d5 {[%clk 0:00:33]} Qxd5
{[%clk 0:17:02]} 31. Qb8+ {[%clk 0:00:42]} Ke7 {[%clk 0:16:35]} 32. f3
{[%clk 0:00:33]} Rxg2+ {[%clk 0:12:23]} 0-1

[Event "EYCC 2024 - G18"]
[Site "?"]
[Date "2024.08.24"]
[Round "3.8"]
[White "Sichinava, Mariam"]
[Black "Tsakona, Maria"]
[Result "1/2-1/2"]
[BlackElo "2031"]
[WhiteElo "1856"]
[LiveChessVersion "1.4.8"]

1. d4 {[%clk 1:30:58]} Nf6 {[%clk 1:30:49]} 2. c4 {[%clk 1:31:22]} e6
{[%clk 1:31:14]} 3. Nf3 {[%clk 1:31:47]} Bb4+ {[%clk 1:31:38]} 4. Bd2
{[%clk 1:32:09]} Qe7 {[%clk 1:31:21]} 5. g3 {[%clk 1:32:24]} Nc6 {[%clk 1:30:56]}
6. Nc3 {[%clk 1:32:37]} Bxc3 {[%clk 1:30:19]} 7. Bxc3 {[%clk 1:33:02]} Ne4
{[%clk 1:30:40]} 8. Rc1 {[%clk 1:33:21]} O-O {[%clk 1:30:21]} 9. Bg2
{[%clk 1:33:36]} d6 {[%clk 1:30:24]} 10. d5 {[%clk 1:32:54]} Nd8 {[%clk 1:28:52]}
11. O-O {[%clk 1:27:31]} e5 {[%clk 1:28:28]} 12. Nd2 {[%clk 1:25:19]} Nxc3
{[%clk 1:27:25]} 13. Rxc3 {[%clk 1:23:58]} a5 {[%clk 1:24:55]} 14. c5
{[%clk 1:23:03]} f5 {[%clk 1:11:32]} 15. cxd6 {[%clk 1:21:10]} cxd6
{[%clk 1:10:34]} 16. Qc2 {[%clk 1:20:28]} Nf7 {[%clk 1:07:53]} 17. Rc1
{[%clk 1:07:40]} Bd7 {[%clk 1:00:30]} 18. Nc4 {[%clk 1:01:55]} Ra6
{[%clk 0:55:47]} 19. a4 {[%clk 0:58:45]} Rb8 {[%clk 0:52:56]} 20. Na3
{[%clk 0:54:31]} g6 {[%clk 0:46:37]} 21. Rc7 {[%clk 0:47:41]} Qe8
{[%clk 0:45:52]} 22. b3 {[%clk 0:46:01]} Raa8 {[%clk 0:44:23]} 23. h4
{[%clk 0:33:14]} b5 {[%clk 0:41:16]} 24. axb5 {[%clk 0:30:24]} Bxb5
{[%clk 0:41:26]} 25. h5 {[%clk 0:26:47]} Ba6 {[%clk 0:32:40]} 26. hxg6
{[%clk 0:19:31]} hxg6 {[%clk 0:33:02]} 27. e4 {[%clk 0:10:46]} Rc8
{[%clk 0:32:19]} 28. Qd2 {[%clk 0:09:50]} Rxc7 {[%clk 0:20:00]} 29. Rxc7
{[%clk 0:10:11]} Qb8 {[%clk 0:20:25]} 30. Qc3 {[%clk 0:07:40]} Qb4
{[%clk 0:13:17]} 31. Qxb4 {[%clk 0:05:18]} axb4 {[%clk 0:13:42]} 32. Nc4
{[%clk 0:05:04]} Bb5 {[%clk 0:07:14]} 33. exf5 {[%clk 0:04:40]} Ra1+
{[%clk 0:07:37]} 34. Kh2 {[%clk 0:05:06]} gxf5 {[%clk 0:08:01]} 35. Bh3
{[%clk 0:04:45]} Bxc4 {[%clk 0:00:59]} 36. Rxc4 {[%clk 0:05:02]} Rd1
{[%clk 0:01:02]} 37. Bxf5 {[%clk 0:04:30]} Rxd5 {[%clk 0:01:08]} 38. Be6
{[%clk 0:04:23]} Rd2 {[%clk 0:01:28]} 39. Kg1 {[%clk 0:03:25]} Kf8
{[%clk 0:01:44]} 40. Bxf7 {[%clk 0:02:08]} Kxf7 {[%clk 0:02:08]} 41. Rxb4
{[%clk 0:02:35]} Kf6 {[%clk 0:02:10]} 42. Kg2 {[%clk 0:02:15]} d5
{[%clk 0:02:13]} 43. Kf3 {[%clk 0:02:25]} Kf5 {[%clk 0:02:26]} 44. Ke3
{[%clk 0:01:53]} Rb2 {[%clk 0:02:51]} 45. g4+ {[%clk 0:00:49]} Kg5
{[%clk 0:02:45]} 46. Rb5 {[%clk 0:00:37]} Kxg4 {[%clk 0:00:58]} 47. Rxd5
{[%clk 0:00:51]} Rxb3+ {[%clk 0:01:23]} 48. Ke2 {[%clk 0:01:06]} Kf4
{[%clk 0:01:43]} 49. Rd2 {[%clk 0:01:22]} Ra3 {[%clk 0:02:03]} 50. Rb2
{[%clk 0:01:46]} Ra4 {[%clk 0:02:10]} 51. Rc2 {[%clk 0:02:09]} Kg4
{[%clk 0:01:52]} 52. Ke3 {[%clk 0:02:10]} Rb4 {[%clk 0:01:44]} 53. Rc3
{[%clk 0:02:12]} Ra4 {[%clk 0:02:04]} 54. Rb3 {[%clk 0:02:35]} Rf4
{[%clk 0:02:28]} 55. Ke2 {[%clk 0:02:30]} e4 {[%clk 0:02:11]} 56. Rg3+
{[%clk 0:02:39]} Kh4 {[%clk 0:01:07]} 57. Re3 {[%clk 0:03:04]} Kg4
{[%clk 0:01:21]} 58. Rg3+ {[%clk 0:03:33]} Kh4 {[%clk 0:01:37]} 59. Re3
{[%clk 0:03:44]} Kg5 {[%clk 0:02:01]} 60. f3 {[%clk 0:03:48]} Kf5
{[%clk 0:02:18]} 61. fxe4+ {[%clk 0:04:11]} Rxe4 {[%clk 0:02:46]} 62. Rxe4 Kxe4
1/2-1/2

[Event "EYCC 2024 - G18"]
[Site "?"]
[Date "2024.08.24"]
[Round "3.9"]
[White "Trasakova, Adela"]
[Black "Buchholz, Maja Patricia"]
[Result "1-0"]
[BlackElo "1988"]
[WhiteElo "1853"]
[LiveChessVersion "1.4.8"]

1. d4 {[%clk 1:30:57]} Nf6 {[%clk 1:30:48]} 2. Nf3 {[%clk 1:31:06]} g6
{[%clk 1:31:07]} 3. g3 {[%clk 1:31:34]} Bg7 {[%clk 1:31:31]} 4. Bg2
{[%clk 1:31:59]} O-O {[%clk 1:31:15]} 5. O-O {[%clk 1:32:22]} d5 {[%clk 1:31:18]}
6. c4 {[%clk 1:32:42]} dxc4 {[%clk 1:31:13]} 7. Na3 {[%clk 1:32:11]} c3
{[%clk 1:31:12]} 8. bxc3 {[%clk 1:32:35]} c5 {[%clk 1:31:16]} 9. Bb2
{[%clk 1:26:59]} Nc6 {[%clk 1:29:29]} 10. Re1 {[%clk 1:24:31]} Bf5
{[%clk 1:19:38]} 11. Nc4 {[%clk 1:19:55]} Ne4 {[%clk 1:08:33]} 12. e3
{[%clk 1:15:50]} Qc7 {[%clk 0:59:27]} 13. Qe2 {[%clk 1:04:47]} Rac8
{[%clk 0:56:24]} 14. Rac1 {[%clk 0:58:09]} Rfd8 {[%clk 0:54:58]} 15. Nh4
{[%clk 0:48:29]} b5 {[%clk 0:45:35]} 16. g4 {[%clk 0:43:03]} Bxg4
{[%clk 0:38:07]} 17. Qxg4 {[%clk 0:41:46]} Nf6 {[%clk 0:38:20]} 18. Qe2
{[%clk 0:39:13]} bxc4 {[%clk 0:38:46]} 19. Qxc4 {[%clk 0:37:54]} Qb6
{[%clk 0:34:58]} 20. Qe2 {[%clk 0:37:19]} h5 {[%clk 0:31:25]} 21. Ba3
{[%clk 0:33:32]} Nd7 {[%clk 0:28:00]} 22. Rb1 {[%clk 0:17:24]} Qa5
{[%clk 0:23:03]} 23. Bxc5 {[%clk 0:17:07]} Nxc5 {[%clk 0:22:57]} 24. Rb5
{[%clk 0:17:26]} Qa4 {[%clk 0:23:01]} 25. Rxc5 {[%clk 0:17:23]} Nxd4
{[%clk 0:22:32]} 26. exd4 {[%clk 0:14:02]} Rxc5 {[%clk 0:22:47]} 27. dxc5
{[%clk 0:14:30]} Qxh4 {[%clk 0:23:10]} 28. Qxe7 {[%clk 0:14:16]} Qxe7
{[%clk 0:14:20]} 29. Rxe7 {[%clk 0:14:45]} Rd1+ {[%clk 0:14:47]} 30. Bf1
{[%clk 0:15:08]} Bxc3 {[%clk 0:13:05]} 31. Kg2 {[%clk 0:12:09]} Bb4
{[%clk 0:10:51]} 32. Bc4 {[%clk 0:08:36]} Bxc5 {[%clk 0:10:57]} 33. Rxf7
{[%clk 0:08:45]} Kh8 {[%clk 0:10:58]} 34. Bb3 {[%clk 0:08:32]} Bb6
{[%clk 0:09:39]} 35. Bxd1 {[%clk 0:08:53]} 1-0

[Event "EYCC 2024 - G18"]
[Site "?"]
[Date "2024.08.24"]
[Round "3.10"]
[White "Zelbova, Lada"]
[Black "Putar, Lara"]
[Result "1-0"]
[BlackElo "1841"]
[WhiteElo "1983"]
[LiveChessVersion "1.4.8"]

1. d4 {[%clk 1:30:43]} Nf6 {[%clk 1:30:56]} 2. Bf4 {[%clk 1:30:56]} d5
{[%clk 1:31:11]} 3. e3 {[%clk 1:29:42]} c5 {[%clk 1:30:21]} 4. c3
{[%clk 1:28:32]} Nc6 {[%clk 1:30:21]} 5. Nd2 {[%clk 1:28:21]} Qb6
{[%clk 1:27:53]} 6. Qb3 {[%clk 1:26:40]} c4 {[%clk 1:27:54]} 7. Qc2
{[%clk 1:26:27]} g6 {[%clk 1:26:42]} 8. e4 {[%clk 1:24:02]} Nxe4 {[%clk 1:22:51]}
9. Nxe4 {[%clk 1:23:02]} dxe4 {[%clk 1:08:18]} 10. Bxc4 {[%clk 1:22:45]} Na5
{[%clk 1:05:46]} 11. Bd5 {[%clk 1:18:26]} Bf5 {[%clk 0:59:21]} 12. b4
{[%clk 1:16:54]} Nc6 {[%clk 0:52:15]} 13. Bxe4 {[%clk 1:10:18]} Nxd4
{[%clk 0:46:02]} 14. cxd4 {[%clk 1:07:02]} Qxd4 {[%clk 0:43:30]} 15. Bc6+
{[%clk 1:06:19]} Bd7 {[%clk 0:32:46]} 16. Rd1 {[%clk 0:59:21]} Qxb4+
{[%clk 0:29:53]} 17. Bd2 {[%clk 0:59:32]} Qd6 {[%clk 0:28:33]} 18. Bxd7+
{[%clk 0:59:32]} Qxd7 {[%clk 0:28:49]} 19. Ne2 {[%clk 0:57:41]} Bg7
{[%clk 0:22:44]} 20. Bh6 {[%clk 0:51:15]} Rc8 {[%clk 0:14:49]} 21. Qb3
{[%clk 0:48:20]} 1-0